Política: teoría y métodos /

Сохранить в:
Библиографические подробности
Главный автор: Torres Rivas, Edelberto
Другие авторы: comp
Формат: Текст
Опубликовано: San José: EDUCA
Метки: Добавить метку
Нет меток, Требуется 1-ая метка записи!

MARC

LEADER 00000 a a2200000 04500
001 32134
003
040 |a CRAI/IIS  |c CRAI/IIS 
020 |a 9977-30-160-X  
090 |a 201100  
100 |a Torres Rivas, Edelberto  
245 |a Política: teoría y métodos /  |c Edelberto Torres Rivas 
260 |a San José:   |b EDUCA  
300 |a 352 p.  
700 |a comp.  
999 |c 14085  |d 14085